000 00385nam a2200157Ia 4500
008 131103s9999 xx 000 0 und d
040 _aLoreto College
041 _aEnglish
082 _a891.433/SHA
_bLCLIB/31092
100 _aShani
245 _aKala Jal
_cShani
260 _aNew Delhi
_bRajkamal Paperbooks
_c1985
300 _a307 p.
_c 18 cm.
850 _aLCLIB
942 _cBK
999 _c18858
_d69337